Construction sector concentration: evidence from Britain (Record no. 118411)
[ view plain ]
| 000 -LEADER | |
|---|---|
| fixed length control field | 01258cam a2200217 4500 |
| 001 - CONTROL NUMBER | |
| control field | ABS68501 |
| 008 - FIXED-LENGTH DATA ELEMENTS--GENERAL INFORMATION | |
| fixed length control field | 041206n2004 000 0 eng u |
| 035 ## - SYSTEM CONTROL NUMBER | |
| System control number | (Sirsi) u128208 |
| 100 ## - MAIN ENTRY--PERSONAL NAME | |
| Personal name | McCloughan, P. |
| 245 ## - TITLE STATEMENT | |
| Title | Construction sector concentration: evidence from Britain |
| 260 ## - PUBLICATION, DISTRIBUTION, ETC. | |
| Date of publication, distribution, etc. | 2004 |
| 490 ## - SERIES STATEMENT | |
| Series statement | Construction Management and Economics |
| Volume/sequential designation | 22(9) November 2004, 979-990(12) |
| 520 ## - SUMMARY, ETC. | |
| Summary, etc. | Analyses the release for the first time of empirical estimates of concentration in the British construction sector. The method applied to the raw data provided by the DETR/DTI, produces the estimate for market concentration. Highlights the popular view that construction is a fragmented sector, with the vast majority of private contractors operating on a small scale. Concludes concentration among main trades is also low. However, concentration among specialist trades is the reverse. Results suggest British construction sector is dynamic and comprises many diverse markets in terms of their levels and trends in concentration. Tables, diagrams and references. |
| 590 ## - LOCAL NOTE (RLIN) | |
| Local note | ABS |
| 590 ## - LOCAL NOTE (RLIN) | |
| Local note | ABS |
| 650 ## - SUBJECT ADDED ENTRY--TOPICAL TERM | |
| Topical term or geographic name entry element | BRITAIN |
| 650 ## - SUBJECT ADDED ENTRY--TOPICAL TERM | |
| Topical term or geographic name entry element | CONSTRUCTION SECTOR |
| 650 ## - SUBJECT ADDED ENTRY--TOPICAL TERM | |
| Topical term or geographic name entry element | COMPETITION POLICY |
| 690 ## - LOCAL SUBJECT ADDED ENTRY--TOPICAL TERM (OCLC, RLIN) | |
| Topical term or geographic name as entry element | BUILDING AND CONSTRUCTION-MARKET |
| 942 ## - ADDED ENTRY ELEMENTS (KOHA) | |
| Suppress in OPAC | 0 |
| Withdrawn status | Lost status | Source of classification or shelving scheme | Damaged status | Not for loan | Home library | Current library | Shelving location | Date acquired | Total Checkouts | Full call number | Barcode | Date last seen | Copy number | Price effective from | Koha item type |
|---|---|---|---|---|---|---|---|---|---|---|---|---|---|---|---|
| Dewey Decimal Classification | London | London | Journal article | 06/12/2004 | ABS68501 | 128208-1001 | 06/08/2019 | 1 | 06/08/2019 | Journal article |